Gunners at war : (Record no. 59654)
[ view plain ]
| 000 -LEADER | |
|---|---|
| fixed length control field | 00932nam a2200265 a 4500 |
| 001 - CONTROL NUMBER | |
| control field | 59654 |
| 003 - CONTROL NUMBER IDENTIFIER | |
| rucl marc code | BD-RjUL |
| 005 - DATE AND TIME OF LATEST TRANSACTION | |
| control field | 20211209080744.0 |
| 008 - FIXED-LENGTH DATA ELEMENTS--GENERAL INFORMATION | |
| fixed length control field | 711105s1970 enkaef b 001 0 eng |
| 020 ## - INTERNATIONAL STANDARD BOOK NUMBER | |
| International Standard Book Number | 853680299 |
| 035 ## - SYSTEM CONTROL NUMBER | |
| System control number | (BD-RjUL) 59778 |
| System control number | 1037032 |
| 040 ## - CATALOGING SOURCE | |
| Original cataloging agency | LC |
| Language of cataloging | eng |
| Transcribing agency | LC |
| Modifying agency | 2712 |
| -- | BD-RjUL |
| 041 ## - LANGUAGE CODE | |
| Language code of text/sound track or separate title | eng |
| 082 04 - DEWEY DECIMAL CLASSIFICATION NUMBER | |
| Classification number | 940.541242 |
| Edition number | 23 |
| Author mark and year | BIG 1970 |
| 100 1# - MAIN ENTRY--PERSONAL NAME | |
| Personal name | Bidwell, Shelford, |
| Dates associated with a name | 1913- |
| 9 (RLIN) | 177503 |
| 245 10 - TITLE STATEMENT | |
| Title | Gunners at war : |
| Remainder of title | a tactical study of the Royal Artillery in the twentieth century / |
| Statement of responsibility, etc. | Shelford Bidwell, |
| 260 ## - PUBLICATION, DISTRIBUTION, ETC. (IMPRINT) | |
| Place of publication, distribution, etc. | London : |
| Name of publisher, distributor, etc. | Arms & Armour P., |
| Date of publication, distribution, etc. | 1970. |
| 300 ## - PHYSICAL DESCRIPTION | |
| Pagination | 244 p., : |
| Illustrations | ill.; |
| Size | 23 cm. |
| 504 ## - BIBLIOGRAPHY, ETC. NOTE | |
| Bibliography, etc | Bibliography: p. 235-237. |
| 610 10 - SUBJECT ADDED ENTRY--CORPORATE NAME | |
| Corporate name or jurisdiction name as entry element | Great Britain. |
| Subordinate unit | Army. |
| -- | Royal Regiment of Artillery. |
| 650 #0 - SUBJECT ADDED ENTRY--TOPICAL TERM | |
| Topical term or geographic name as entry element | World War, 1914-1918 |
| General subdivision | Regimental histories |
| Geographic subdivision | Great Britain. |
| 9 (RLIN) | 177505 |
| Topical term or geographic name as entry element | World War, 1939-1945 |
| General subdivision | Regimental histories |
| Geographic subdivision | Great Britain. |
| 9 (RLIN) | 177506 |
| 942 ## - ADDED ENTRY ELEMENTS (KOHA) | |
| Source of classification or shelving scheme | Dewey Decimal Classification |
| Koha item type | Books |
| Lost status | Source of classification or shelving scheme | Damaged status | Not for loan | Collection code | Permanent Location | Current Location | Shelving location | Date acquired | Source of acquisition | Cost, normal purchase price | Total Checkouts | Full call number | Date last seen | Copy number | Koha item type |
|---|---|---|---|---|---|---|---|---|---|---|---|---|---|---|---|
| Dewey Decimal Classification | Not For Loan | Non-fiction | Central Library, University of Rajshahi | Central Library, University of Rajshahi | Reading Room | 16/04/1974 | Paramount book. Cor. | 57.60 | 940.541242 BIG 1970 | 26/12/2016 | C-1 | Books |